[Event "Aeroflot Open A 2018"]
[Site "Moscow RUS"]
[Date "2018.02.25"]
[Round "6.21"]
[White "Pavlov, Sergey2"]
[Black "Mareco, Sandro"]
[Result "0-1"]
[WhiteTitle "IM"]
[BlackTitle "GM"]
[WhiteElo "2485"]
[BlackElo "2632"]
[WhiteFideId "14114330"]
[BlackFideId "112275"]
[EventDate "2018.02.20"]

1. Nf3 d5 2. d4 Nf6 3. c4 e6 4. Nc3 c6 5. e3 Nbd7 6. Qc2 Bd6 7. b3 O-O 8. Be2 b6
9. Bb2 Bb7 10. O-O Qe7 11. Rad1 c5 12. cxd5 exd5 13. Bb5 Rfd8 14. Qe2 a6 15. Bd3
Ne4 16. Bb1 Ndf6 17. Ne5 b5 18. Nxe4 dxe4 19. a4 cxd4 20. exd4 Bd5 21. axb5 axb5
22. Rc1 Qe6 23. Rc3 b4 24. Rh3 Bxb3 25. Bxe4 Nxe4 26. Qxe4 h6 27. f4 Bd5 28. Qb1
f5 29. Rg3 Be4 30. d5 Qxd5 31. Qe1 Bf8 32. Ng6 Ra2 33. Qe2 Qd4+ 34. Bxd4 Rxe2
35. Nxf8 Rxd4 36. Ne6 Rdd2 37. Rxg7+ Kh8 38. Rc1 Rxg2+ 39. Rxg2 Rxg2+ 40. Kf1 b3 0-1

[Event "Aeroflot Open A 2018"]
[Site "Moscow RUS"]
[Date "2018.02.25"]
[Round "6.22"]
[White "Zhigalko, Sergei"]
[Black "Nihal, Sarin"]
[Result "1/2-1/2"]
[WhiteTitle "GM"]
[BlackTitle "IM"]
[WhiteElo "2625"]
[BlackElo "2532"]
[WhiteFideId "13502956"]
[BlackFideId "25092340"]
[EventDate "2018.02.20"]

1. c4 e6 2. Nc3 Bb4 3. e4 Ne7 4. Nf3 O-O 5. Qc2 c5 6. Na4 d6 7. Be2 Nbc6 8. O-O
e5 9. d3 f5 10. exf5 Bxf5 11. Nc3 1/2-1/2

[Event "Aeroflot Open A 2018"]
[Site "Moscow RUS"]
[Date "2018.02.25"]
[Round "6.23"]
[White "Aravindh, Chithambaram VR."]
[Black "Sychev, Klementy"]
[Result "1/2-1/2"]
[WhiteTitle "GM"]
[BlackTitle "IM"]
[WhiteElo "2617"]
[BlackElo "2529"]
[WhiteFideId "5072786"]
[BlackFideId "4114060"]
[EventDate "2018.02.20"]

1. Nf3 Nf6 2. g3 d5 3. Bg2 g6 4. O-O Bg7 5. d4 O-O 6. c4 c6 7. Qb3 Qb6 8. Nc3
Rd8 9. h3 Bf5 10. c5 Qxb3 11. axb3 Na6 12. Bf4 Ne8 13. Ra4 Nac7 14. Rfa1 a6 15.
Rb4 Nb5 16. e3 f6 17. g4 Be6 18. Na4 Ra7 19. Nb6 g5 20. Bg3 Nec7 21. Bf1 Bf7 22.
Nd2 Be8 23. Ndc4 Bf8 24. Na3 e5 25. Ra4 Ne6 26. Nxb5 cxb5 27. Ra5 exd4 28. exd4
Nxd4 29. Bc7 Raa8 30. Nxa8 Rxa8 31. b4 Nb3 32. Bg2 Bc6 33. Rd1 Nxa5 34. Bxa5 Kf7
35. Bxd5+ Bxd5 36. Rxd5 Ke6 37. Rd3 Rc8 38. Kg2 Be7 39. Kf3 Rh8 40. Kg3 h5 41.
Rd1 hxg4 42. hxg4 Rh7 43. Bb6 f5 44. Bd8 Bxd8 45. Rxd8 fxg4 46. Kxg4 Rh4+ 47.
Kxg5 Rxb4 48. Rd2 Rc4 49. f4 Rxc5+ 50. Kg6 Rc6 51. f5+ Ke5+ 52. Kg5 Rc8 53. Re2+
Kd5 54. f6 b4 55. f7 Rf8 56. Kf6 Kc4 57. Re3 a5 58. Ke7 Rh8 59. Rh3 Rc8 60. f8=Q
Rxf8 61. Kxf8 a4 62. Ke7 a3 63. bxa3 bxa3 64. Kd6 b5 65. Rxa3 b4 66. Ra8 b3 67.
Rb8 Kc3 68. Rxb3+ Kxb3 69. Ke5 1/2-1/2

[Event "Aeroflot Open A 2018"]
[Site "Moscow RUS"]
[Date "2018.02.25"]
[Round "6.24"]
[White "Hakobyan, Aram"]
[Black "Jumabayev, Rinat"]
[Result "1/2-1/2"]
[WhiteTitle "IM"]
[BlackTitle "GM"]
[WhiteElo "2497"]
[BlackElo "2614"]
[WhiteFideId "13306677"]
[BlackFideId "13702661"]
[EventDate "2018.02.20"]

1. d4 Nf6 2. c4 g6 3. Nc3 Bg7 4. g3 d5 5. cxd5 Nxd5 6. Bg2 Nxc3 7. bxc3 c5 8.
Nf3 Nc6 9. O-O O-O 10. e3 Qc7 11. Ba3 b6 12. Qe2 Na5 13. Nd2 Bb7 14. Nb3 Bxg2
15. Kxg2 Qc6+ 16. Kg1 Qa4 17. Bxc5 Nc6 18. d5 bxc5 19. dxc6 Rac8 20. Nxc5 Qxc6
21. Nb3 Bxc3 22. Rac1 Qb6 23. Rc2 Be5 24. Rfc1 Rxc2 25. Qxc2 Rb8 26. Qc6 Bd6 27.
Rc4 Kg7 28. Kg2 h5 29. h3 Rb7 30. Kf3 Rb8 1/2-1/2

[Event "Aeroflot Open A 2018"]
[Site "Moscow RUS"]
[Date "2018.02.25"]
[Round "6.25"]
[White "Martirosyan, Haik M."]
[Black "Yuffa, Daniil"]
[Result "0-1"]
[WhiteTitle "GM"]
[BlackTitle "GM"]
[WhiteElo "2586"]
[BlackElo "2521"]
[WhiteFideId "13306553"]
[BlackFideId "24131423"]
[EventDate "2018.02.20"]

1. d4 d5 2. c4 c6 3. Nf3 Nf6 4. Nc3 a6 5. c5 Bf5 6. Bf4 Nbd7 7. e3 Nh5 8. Bd3
Nxf4 9. exf4 Bg4 10. O-O g6 11. h3 Bxf3 12. Qxf3 Bg7 13. Ne2 a5 14. Rac1 O-O 15.
Rc2 e6 16. Rfc1 f6 17. Ng3 Qc7 18. Re1 Rae8 19. Rce2 f5 20. Bxf5 gxf5 21. Rxe6
Rxe6 22. Rxe6 Rf7 23. Re8+ Nf8 24. Qe3 Qd7 25. Ra8 Re7 26. Qd3 Re8 27. Rxa5 Ne6
28. Ra4 Nxf4 29. Qxf5 Qc7 30. h4 Rf8 31. Qg4 Qf7 32. h5 Kh8 33. h6 Bxh6 34. Ra3
Bg7 35. Rf3 Bh6 36. Kh2 Qg7 37. Qh4 Bg5 38. Qg4 Qh6+ 39. Kg1 Re8 40. Kf1 Ne2 41.
Nh5 Qg6 42. Rf5 Bh6 43. Qxg6 hxg6 44. Rf6 Kh7 45. Rf7+ Kg8 46. Rf6 gxh5 47. Rxh6
Nxd4 48. Rxh5 Ra8 0-1

[Event "Aeroflot Open A 2018"]
[Site "Moscow RUS"]
[Date "2018.02.25"]
[Round "6.26"]
[White "Svane, Rasmus"]
[Black "Goryachkina, Aleksandra"]
[Result "1/2-1/2"]
[WhiteTitle "GM"]
[BlackTitle "WGM"]
[WhiteElo "2586"]
[BlackElo "2493"]
[WhiteFideId "4657101"]
[BlackFideId "4147103"]
[EventDate "2018.02.20"]

1. c4 c6 2. Nf3 d5 3. g3 Bg4 4. Qb3 Qb6 5. Ne5 Be6 6. d3 f6 7. Nf3 Qxb3 8. axb3
Bf7 9. Nc3 e5 10. cxd5 Bxd5 11. Nxd5 cxd5 12. Bh3 Nc6 13. e4 Bb4+ 14. Ke2 Nge7
15. Be6 Rd8 16. Be3 d4 17. Bd2 a6 18. Rhc1 Rd6 19. Bh3 Kd8 20. Ra4 Bxd2 21. Nxd2
Kc7 22. b4 Kb8 23. Rc5 Na7 24. f4 Ng6 25. Kf3 Rc6 26. Bd7 Rc7 27. Be6 Re8 28. f5
Nf8 29. Rxc7 Kxc7 30. Bd5 Nd7 31. Ra1 Nb6 32. Rc1+ Kb8 33. Be6 Nc6 34. Nc4 Nxc4
35. Rxc4 Rd8 36. h4 Rd6 37. Bd5 Ne7 38. Bf7 Rc6 39. Rc5 b6 40. Rxc6 Nxc6 41. b5
axb5 42. Be8 Na7 43. Ke2 Kc7 44. Kd2 Kd8 45. Bf7 Nc6 46. Bg8 h6 47. Bd5 Nb4 48.
Be6 Kc7 49. Bf7 Kd6 50. Be8 Kc5 51. Bd7 Na6 52. Be6 Kb4 53. Kc2 Nc5 54. Bf7 Ka5
55. Bd5 Ka4 56. Bc6 Na6 57. Bd5 Nc7 1/2-1/2

[Event "Aeroflot Open A 2018"]
[Site "Moscow RUS"]
[Date "2018.02.25"]
[Round "6.27"]
[White "Iniyan, P"]
[Black "Vavulin, Maksim"]
[Result "1-0"]
[WhiteTitle "IM"]
[BlackTitle "IM"]
[WhiteElo "2460"]
[BlackElo "2575"]
[WhiteFideId "25002767"]
[BlackFideId "4169530"]
[EventDate "2018.02.20"]

1. d4 Nf6 2. c4 d6 3. Nc3 Bf5 4. f3 e5 5. e4 exd4 6. Qxd4 Be6 7. b3 c6 8. Bb2
Nbd7 9. Nge2 a5 10. Nf4 Be7 11. Ncd5 Bxd5 12. exd5 O-O 13. Bd3 Qe8 14. O-O Bd8
15. Kh1 Bb6 16. Qc3 Ne5 17. Rae1 Qd7 18. dxc6 bxc6 19. g4 h6 20. Bf5 Qa7 21. Ng2
Ng6 22. f4 d5 23. g5 d4 24. Qh3 hxg5 25. fxg5 Nh7 26. Nh4 Nxg5 27. Qg4 Nxh4 28.
Qxh4 f6 29. Bg6 Qd7 30. Bc1 Qh3 31. Bxg5 Qxh4 32. Bxh4 a4 33. b4 Rad8 34. Re6 d3
35. Rd1 d2 36. Re2 c5 37. Bf2 Rb8 38. Bxc5 Bxc5 39. bxc5 Rbc8 40. Rexd2 Rxc5 41.
Rd8 Rxc4 42. Rxf8+ Kxf8 43. Re1 Rc8 44. Kg2 Rb8 45. Kf3 Rc8 46. Re4 Ra8 47. a3 1-0

[Event "Aeroflot Open A 2018"]
[Site "Moscow RUS"]
[Date "2018.02.25"]
[Round "6.28"]
[White "Petrosyan, Manuel"]
[Black "Mikaelyan, Arman"]
[Result "1/2-1/2"]
[WhiteTitle "GM"]
[BlackTitle "GM"]
[WhiteElo "2569"]
[BlackElo "2486"]
[WhiteFideId "13300857"]
[BlackFideId "13304852"]
[EventDate "2018.02.20"]

1. d4 d5 2. c4 c6 3. Nc3 Nf6 4. Nf3 dxc4 5. a4 Bf5 6. Ne5 e6 7. f3 Bb4 8. e4
Bxe4 9. fxe4 Nxe4 10. Bd2 Qxd4 11. Nxe4 Qxe4+ 12. Qe2 Bxd2+ 13. Kxd2 Qd5+ 14.
Kc2 Na6 15. Nxc4 O-O 16. Qe5 Rac8 17. Kb3 Nc5+ 18. Ka3 Nxa4 19. Kxa4 b5+ 20. Ka3
bxc4 21. Qc3 Rb8 22. Bxc4 Qc5+ 23. Ka2 Rb4 24. Rac1 Rfb8 25. Rc2 g6 26. Rhc1 Qf5
27. h3 Ra4+ 28. Kb1 Rab4 29. Bd3 Qd5 30. Bc4 Qf5 31. Bd3 Qd5 32. Bc4 1/2-1/2

[Event "Aeroflot Open A 2018"]
[Site "Moscow RUS"]
[Date "2018.02.25"]
[Round "6.30"]
[White "Aleksandrov, Aleksej"]
[Black "Repka, Christopher"]
[Result "1-0"]
[WhiteTitle "GM"]
[BlackTitle "IM"]
[WhiteElo "2618"]
[BlackElo "2513"]
[WhiteFideId "13500139"]
[BlackFideId "14918781"]
[EventDate "2018.02.20"]

1. d4 e6 2. c4 g6 3. g3 Bg7 4. Bg2 Ne7 5. Nf3 O-O 6. O-O d5 7. Qc2 Nbc6 8. Rd1
Nf5 9. e3 dxc4 10. Na3 a5 11. Nxc4 a4 12. Bd2 Qe7 13. Rac1 Rd8 14. Nce5 Bd7 15.
Nxd7 Rxd7 16. Ne1 a3 17. b4 Rad8 18. b5 Ncxd4 19. exd4 Nxd4 20. Qc4 Nxb5 21. Bb4
Nd6 22. Qb3 Bb2 23. Rb1 Qf6 24. Nd3 Bd4 25. Bxa3 e5 26. Bb2 c5 27. Bxd4 cxd4 28.
Qd5 Re7 29. Re1 Rde8 30. Nc5 e4 31. Nxe4 Nxe4 32. Rxe4 b6 33. Rxe7 1-0

[Event "Aeroflot Open A 2018"]
[Site "Moscow RUS"]
[Date "2018.02.25"]
[Round "6.31"]
[White "Gagare, Shardul"]
[Black "Kobalia, Mikhail"]
[Result "0-1"]
[WhiteTitle "GM"]
[BlackTitle "GM"]
[WhiteElo "2494"]
[BlackElo "2599"]
[WhiteFideId "5037883"]
[BlackFideId "4119150"]
[EventDate "2018.02.20"]

1. d4 d5 2. c4 c6 3. Nc3 dxc4 4. e4 b5 5. a4 b4 6. Nb1 Ba6 7. Qc2 Qxd4 8. Nf3
Qb6 9. Be3 Qc7 10. Bxc4 Bxc4 11. Qxc4 e6 12. Nbd2 Nf6 13. Rc1 Be7 14. O-O O-O
15. Bg5 h6 16. Bh4 Nbd7 17. Bg3 Qb7 18. a5 c5 19. e5 Nd5 20. Bh4 Qc7 21. Bxe7
Nxe7 22. Qxb4 Nc6 23. Qf4 Rab8 24. Ne4 Rb4 25. Qe3 Ncxe5 26. Rfd1 Ng4 27. Qd3
Nde5 28. Qd6 Qxd6 29. Nxd6 Rxb2 30. Nxe5 Nxe5 31. Rxc5 Rd8 32. h3 f6 33. Rc8
Rxc8 34. Nxc8 Rb7 35. Rd8+ Kh7 36. Nd6 Rb1+ 37. Kh2 Ra1 38. Nb7 h5 39. Rd6 h4
40. Rxe6 Ra2 41. Kg1 Nd3 42. Re7 Kh6 43. g3 Nxf2 44. gxh4 Nxh3+ 45. Kh1 g6 46.
Nd6 Rxa5 47. Ne8 Re5 48. Nxf6 Rxe7 49. Ng8+ Kh5 50. Nxe7 a5 51. Nd5 a4 52. Nc3
a3 53. Kg2 Kxh4 54. Kf3 g5 55. Ke3 g4 56. Kd2 g3 57. Kc2 g2 58. Ne2 Kg4 0-1

[Event "Aeroflot Open A 2018"]
[Site "Moscow RUS"]
[Date "2018.02.25"]
[Round "6.32"]
[White "Sorokin, Aleksey"]
[Black "Kulaots, Kaido"]
[Result "1-0"]
[WhiteTitle "FM"]
[BlackTitle "GM"]
[WhiteElo "2511"]
[BlackElo "2582"]
[WhiteFideId "24176460"]
[BlackFideId "4500261"]
[EventDate "2018.02.20"]

1. d4 Nf6 2. c4 e6 3. Nf3 Bb4+ 4. Nbd2 O-O 5. a3 Be7 6. e4 d6 7. Be2 a5 8. b3 e5
9. O-O exd4 10. Nxd4 Nc6 11. Nb5 Ne5 12. Bb2 c6 13. Nd4 Re8 14. Qc2 Bf8 15. Rad1
Qb6 16. Rfe1 g6 17. Bc3 Bg7 18. b4 axb4 19. axb4 Bg4 20. f3 Bd7 21. Kh1 h5 22.
N2b3 h4 23. c5 dxc5 24. Nxc5 h3 25. f4 hxg2+ 26. Kg1 Bh3 27. fxe5 Rxe5 28. Qd3
Bc8 29. Nf5 Bxf5 30. Bxe5 1-0

[Event "Aeroflot Open A 2018"]
[Site "Moscow RUS"]
[Date "2018.02.25"]
[Round "6.33"]
[White "Sarana, Alexey"]
[Black "Gholami, Aryan"]
[Result "1/2-1/2"]
[WhiteTitle "GM"]
[BlackTitle "IM"]
[WhiteElo "2577"]
[BlackElo "2489"]
[WhiteFideId "24133795"]
[BlackFideId "12513342"]
[EventDate "2018.02.20"]

1. d4 Nf6 2. c4 e6 3. g3 d5 4. Bg2 Bb4+ 5. Nd2 O-O 6. Nf3 c6 7. O-O Nbd7 8. Qc2
b6 9. e4 Bb7 10. Rd1 Be7 11. b3 Rc8 12. Bb2 Qc7 13. Rac1 Nxe4 14. Nxe4 dxe4 15.
Qxe4 c5 16. Qe2 cxd4 17. Nxd4 Bxg2 18. Kxg2 Qb7+ 19. Qf3 Qxf3+ 20. Kxf3 Nc5 21.
Nb5 a6 22. Nd6 Rcd8 23. Ne4 Nd3 24. Rb1 f5 25. Nc3 Bc5 26. Na4 e5 27. Ke2 e4 28.
Bc1 Bd4 29. Be3 b5 30. Bxd4 Rxd4 31. Nb2 bxc4 32. Nxc4 f4 33. gxf4 Rxf4 34. Ne5
Rd5 35. Nxd3 1/2-1/2

[Event "Aeroflot Open A 2018"]
[Site "Moscow RUS"]
[Date "2018.02.25"]
[Round "6.34"]
[White "Esipenko, Andrey"]
[Black "Salomon, Johan"]
[Result "1-0"]
[WhiteTitle "FM"]
[BlackTitle "GM"]
[WhiteElo "2571"]
[BlackElo "2503"]
[WhiteFideId "24175439"]
[BlackFideId "1509500"]
[EventDate "2018.02.20"]

1. d4 Nf6 2. c4 e6 3. Nf3 d5 4. Nc3 Bb4 5. Qb3 c5 6. dxc5 Nc6 7. Bg5 Qa5 8. Bxf6
dxc4 9. Qxc4 gxf6 10. Rc1 Qxc5 11. Qh4 Ke7 12. g3 Bxc3+ 13. bxc3 b6 14. Bg2 Bb7
15. O-O h5 16. Nd4 Rac8 17. Nb3 Qe5 18. Qa4 h4 19. Rfd1 hxg3 20. hxg3 Rc7 21.
Qa3+ Ke8 22. Rd6 Qh5 23. Rcd1 Rc8 24. Rd7 Ba8 25. e4 Rd8 26. Qe7+ 1-0

[Event "Aeroflot Open A 2018"]
[Site "Moscow RUS"]
[Date "2018.02.25"]
[Round "6.35"]
[White "Praggnanandhaa, R"]
[Black "Chigaev, Maksim"]
[Result "1/2-1/2"]
[WhiteTitle "IM"]
[BlackTitle "GM"]
[WhiteElo "2507"]
[BlackElo "2560"]
[WhiteFideId "25059530"]
[BlackFideId "4108116"]
[EventDate "2018.02.20"]

1. Nf3 g6 2. e4 Bg7 3. d4 d6 4. Nc3 a6 5. Be3 b5 6. Bd3 Bb7 7. Ne2 Nf6 8. Ng3
O-O 9. O-O Nbd7 10. c3 c5 11. a4 c4 12. Bc2 e5 13. Re1 Re8 14. h3 Qc7 15. d5 Nc5
16. Nh2 Reb8 17. Qf3 Bc8 18. axb5 axb5 19. Bg5 Qd8 20. h4 h6 21. Bd2 h5 22. Bg5
Ncd7 23. Qe3 Qb6 24. Ngf1 Qxe3 25. Bxe3 Nc5 26. Nd2 Nfd7 27. Nhf1 Bf6 28. g3 Be7
29. f3 Nb6 30. Bf2 Bd7 31. Ne3 Bf8 32. Nef1 Nba4 33. Ra2 Ra6 34. Rea1 Rba8 35.
Bxc5 Nxc5 36. Rxa6 Rxa6 37. Rxa6 Nxa6 38. Ne3 Bh6 39. Kf2 Nc5 40. Ke2 Kf8 41. b4
cxb3 42. Nxb3 Na4 43. Nd1 f5 44. Na5 f4 45. gxf4 Bxf4 46. c4 bxc4 47. Nxc4 Bb5
48. Bxa4 Bxc4+ 49. Kf2 Ke7 50. Ne3 Ba6 51. Ng2 Bd2 52. Kg3 Bd3 53. Bc6 Kf6 54.
Be8 Kg7 55. Kf2 Kh6 56. Kg3 g5 57. Kf2 Ba6 58. Bd7 gxh4 59. Nxh4 Kg5 60. Nf5 Bb4
61. Ng7 Bd2 62. Nf5 Bb4 63. Ng7 h4 64. Bg4 Bb5 65. Ne6+ Kf6 66. Bf5 Ba5 67. Bh3
Bb6+ 68. Kg2 Be2 69. Bf5 Ba5 1/2-1/2

[Event "Aeroflot Open A 2018"]
[Site "Moscow RUS"]
[Date "2018.02.25"]
[Round "6.36"]
[White "Pichot, Alan"]
[Black "Shinkevich, Vitaly"]
[Result "0-1"]
[WhiteTitle "GM"]
[BlackTitle "IM"]
[WhiteElo "2552"]
[BlackElo "2454"]
[WhiteFideId "110973"]
[BlackFideId "4122690"]
[EventDate "2018.02.20"]

1. e4 e5 2. Nf3 Nc6 3. Bb5 a6 4. Ba4 Nf6 5. O-O b5 6. Bb3 Bb7 7. d3 Bc5 8. Nc3
O-O 9. a4 b4 10. Ne2 h6 11. Ng3 Re8 12. a5 d5 13. exd5 Nxd5 14. Ne4 Be7 15. Be3
Qd7 16. Nfd2 g6 17. Qf3 Rad8 18. Bc5 Nf4 19. g3 Nh3+ 20. Kg2 Ng5 21. Nxg5 Bxg5
22. Ne4 Rb8 23. Be3 Nd4 24. Bxd4 exd4 25. Ba4 Qf5 26. Bxe8 Qxf3+ 27. Kxf3 Rxe8
28. h4 Bd8 29. Kf4 c5 30. Nd2 Bc7+ 31. Kg4 Bg2 0-1

[Event "Aeroflot Open A 2018"]
[Site "Moscow RUS"]
[Date "2018.02.25"]
[Round "6.37"]
[White "Abdumalik, Zhansaya"]
[Black "Shevchenko, Kirill"]
[Result "1/2-1/2"]
[WhiteTitle "IM"]
[BlackTitle "GM"]
[WhiteElo "2449"]
[BlackElo "2538"]
[WhiteFideId "13703544"]
[BlackFideId "14129574"]
[EventDate "2018.02.20"]

1. e4 c5 2. Nf3 d6 3. d4 cxd4 4. Nxd4 Nf6 5. Nc3 a6 6. h3 e5 7. Nde2 h5 8. g3
Be6 9. Bg2 b5 10. Bg5 Nbd7 11. O-O Be7 12. a3 Rc8 13. Qd2 O-O 14. b3 d5 15. Bxf6
Nxf6 16. Nxd5 Nxd5 17. exd5 Bf5 18. c3 h4 19. a4 Bg5 20. Qd1 Qb6 21. axb5 axb5
22. gxh4 Bxh4 23. Qd2 Bh7 24. Ra2 f5 25. Qe3 Qd6 26. f4 Bf6 27. fxe5 Bxe5 28.
Nd4 f4 29. Qf3 b4 30. Ne6 Rxc3 31. Qh5 Rfc8 32. Re2 Re3 33. Rxe3 fxe3 34. Qf3
Bd3 35. Qf7+ Kh8 36. Qh5+ Kg8 37. Qf7+ Kh8 38. Qh5+ Kg8 1/2-1/2

[Event "Aeroflot Open A 2018"]
[Site "Moscow RUS"]
[Date "2018.02.25"]
[Round "6.38"]
[White "Lomasov, Semen"]
[Black "Liu, Yan"]
[Result "1/2-1/2"]
[WhiteTitle "IM"]
[BlackTitle "IM"]
[WhiteElo "2530"]
[BlackElo "2476"]
[WhiteFideId "24164879"]
[BlackFideId "8608962"]
[EventDate "2018.02.20"]

1. Nf3 Nf6 2. c4 b6 3. g3 Bb7 4. Bg2 g6 5. O-O Bg7 6. d4 e6 7. Qc2 Be4 8. Qb3
Bb7 9. Nc3 Ne4 10. Nxe4 Bxe4 11. Ne5 Bxg2 12. Kxg2 O-O 13. Qf3 Nc6 14. Nxc6 dxc6
15. Rd1 c5 16. d5 c6 17. h4 cxd5 18. cxd5 exd5 19. Bg5 Qc8 20. Rxd5 Bxb2 21.
Rad1 Qc6 22. h5 Rfe8 23. hxg6 hxg6 24. e4 c4 25. Rh1 Bg7 26. Qf4 f5 27. Rd6
Qxe4+ 28. Qxe4 fxe4 29. Rxg6 Kf7 30. Rd6 Re6 31. Rd7+ Kg8 32. Rh4 c3 33. Be3
Rae8 34. Rxa7 R8e7 35. Ra4 b5 36. Rb4 Re5 37. a4 bxa4 38. Rxa4 R5e6 39. Rc4 Kf7
40. Kf1 Bf6 41. Rf4 Kg6 42. Ke2 Re8 43. Rc5 Kg7 44. Rg4+ Kf7 45. Bg5 Bxg5 46.
Rgxg5 e3 47. f4 Ra8 48. Rc7+ Kf8 49. Rh5 Kg8 50. Rg5+ Kh8 51. Rh5+ Kg8 52. Rd5
Ra2+ 53. Ke1 Ra1+ 1/2-1/2

[Event "Aeroflot Open A 2018"]
[Site "Moscow RUS"]
[Date "2018.02.25"]
[Round "6.39"]
[White "Raja, Harshit"]
[Black "Triapishko, Alexandr"]
[Result "1/2-1/2"]
[WhiteTitle "IM"]
[BlackTitle "IM"]
[WhiteElo "2448"]
[BlackElo "2530"]
[WhiteFideId "5089000"]
[BlackFideId "14122286"]
[EventDate "2018.02.20"]

1. e4 e5 2. Nf3 Nc6 3. Bb5 a6 4. Ba4 d6 5. O-O Nf6 6. Bxc6+ bxc6 7. d4 exd4 8.
Nxd4 c5 9. Nc6 Qd7 10. Na5 Qa4 11. Bd2 Bg4 12. f3 Be6 13. Re1 Be7 14. Kh1 O-O
15. Nc3 Qd7 16. Ne2 Rab8 17. b3 d5 18. exd5 Bxd5 19. c4 Ba8 20. Bc3 Qxd1 21.
Raxd1 Rbd8 22. Ng3 Rxd1 23. Rxd1 Rd8 24. Re1 Bf8 25. Kg1 Nd7 26. Rd1 f6 27. a3
Kf7 28. b4 cxb4 29. axb4 Ke8 30. Re1+ Kf7 31. Rd1 Ke8 32. Re1+ Kf7 33. Rd1 Be7
34. Nf5 Nb8 35. Re1 Bf8 36. Nd4 c5 37. Ne6 Rd3 38. Nxf8 Rxc3 39. Ne6 cxb4 40.
Nd8+ Kf8 41. Ne6+ Kf7 42. Nd8+ Kg6 43. Rb1 b3 44. Ne6 Nc6 45. Nf4+ Kf7 46. Nd5
Nb8 47. Nf4 Nc6 48. Nd5 Rd3 1/2-1/2

[Event "Aeroflot Open A 2018"]
[Site "Moscow RUS"]
[Date "2018.02.25"]
[Round "6.40"]
[White "Tran, Tuan Minh"]
[Black "Gallego Alcaraz, Andres Felipe"]
[Result "0-1"]
[WhiteTitle "GM"]
[BlackTitle "IM"]
[WhiteElo "2522"]
[BlackElo "2461"]
[WhiteFideId "12401820"]
[BlackFideId "4402669"]
[EventDate "2018.02.20"]

1. d4 Nf6 2. c4 g6 3. Nc3 d5 4. Bg5 Ne4 5. Bh4 c5 6. cxd5 Nxc3 7. bxc3 Qxd5 8.
e3 Bg7 9. Qf3 Qd7 10. Bc4 O-O 11. Ne2 Nc6 12. O-O cxd4 13. cxd4 e5 14. d5 Na5
15. Rac1 Qa4 16. Be7 Nxc4 17. Qe4 Nb6 18. Qxa4 Nxa4 19. Bxf8 Bxf8 20. Rfd1 Bd6
21. h3 Bd7 22. g4 Rc8 23. Rxc8+ Bxc8 24. Ng3 Nc5 25. Kg2 b5 26. Ne2 b4 27. f4
Ba6 28. Kf3 e4+ 29. Kf2 Nd3+ 30. Kg3 Bc4 31. Rd2 Bxd5 32. Nc1 Bc5 33. Nxd3 exd3
34. Rxd3 Bxa2 0-1

[Event "Aeroflot Open A 2018"]
[Site "Moscow RUS"]
[Date "2018.02.25"]
[Round "6.41"]
[White "Debashis, Das"]
[Black "Indjic, Aleksandar"]
[Result "1/2-1/2"]
[WhiteTitle "GM"]
[BlackTitle "GM"]
[WhiteElo "2501"]
[BlackElo "2612"]
[WhiteFideId "5024854"]
[BlackFideId "911925"]
[EventDate "2018.02.20"]

1. d4 Nf6 2. c4 e6 3. Nc3 c5 4. d5 exd5 5. cxd5 d6 6. Nf3 g6 7. Nd2 Bg7 8. e4
O-O 9. Be2 Na6 10. O-O Qe7 11. Kh1 Nc7 12. f3 Nfe8 13. Nc4 f5 14. a4 b6 15. Bf4
Ba6 16. Qd2 Bxc4 17. Bxc4 Be5 18. Bxe5 Qxe5 19. f4 Qd4 20. Qe2 fxe4 21. Nxe4 Rd8
22. Ng5 Qg7 23. Rae1 Nf6 24. Qd3 Rde8 25. Ne6 Nxe6 26. dxe6 Qe7 27. Qf3 Rd8 28.
b3 d5 29. Bd3 Rc8 30. f5 g5 31. Qe2 Rc7 32. Rf3 g4 33. Rf4 h5 34. Qe5 Rfc8 35.
Ba6 Rd8 36. Bb5 d4 37. Rff1 Rcc8 38. Bd7 Rb8 39. Qc7 a5 40. Qf4 Kh7 41. Bb5 Rg8
42. Qg3 Rbd8 43. Bc4 1/2-1/2

[Event "Aeroflot Open A 2018"]
[Site "Moscow RUS"]
[Date "2018.02.25"]
[Round "6.42"]
[White "Oparin, Grigoriy"]
[Black "Golubov, Saveliy"]
[Result "1/2-1/2"]
[WhiteTitle "GM"]
[BlackTitle "IM"]
[WhiteElo "2607"]
[BlackElo "2492"]
[WhiteFideId "24125890"]
[BlackFideId "24176729"]
[EventDate "2018.02.20"]

1. e4 d6 2. d4 Nf6 3. Nc3 e5 4. Nf3 Nbd7 5. Bc4 Be7 6. O-O O-O 7. a4 a6 8. Re1
h6 9. a5 exd4 10. Nxd4 Ne5 11. Ba2 Re8 12. Bf4 Bf8 13. h3 Ng6 14. Bh2 c5 15. Nf3
Be6 16. Nd5 b5 17. axb6 Bxd5 18. Bxd5 Nxd5 19. b7 Rb8 20. Qxd5 Qb6 21. Nd2 Ne7
22. Qxd6 Qxb7 23. Nc4 Nc6 24. Qd5 Rbd8 25. Nd6 Bxd6 26. Bxd6 Re5 27. Bxe5 Rxd5
28. exd5 Nxe5 29. Rxe5 f6 30. Re8+ Kf7 31. Re3 Qxd5 32. Rxa6 Qd1+ 33. Kh2 Qxc2
34. Ra7+ Kf8 35. Ra8+ Kf7 36. Ra7+ Kf8 37. Rg3 Qxf2 38. Raxg7 Qxb2 39. Rg8+ Kf7
40. R8g7+ Kf8 41. Rg8+ Kf7 42. R3g7+ Ke6 43. Re8+ Kd6 44. Rg3 c4 45. Rc8 Kd5 46.
Rd8+ Ke6 47. Re3+ Kf5 48. Rf3+ 1/2-1/2

[Event "Aeroflot Open A 2018"]
[Site "Moscow RUS"]
[Date "2018.02.25"]
[Round "6.43"]
[White "Narayanan, S.L."]
[Black "Pogonina, Natalija"]
[Result "1-0"]
[WhiteTitle "GM"]
[BlackTitle "WGM"]
[WhiteElo "2573"]
[BlackElo "2478"]
[WhiteFideId "5058422"]
[BlackFideId "4147855"]
[EventDate "2018.02.20"]

1. d4 Nf6 2. c4 e6 3. Nf3 d5 4. Nc3 Nbd7 5. cxd5 exd5 6. Bg5 c6 7. e3 Be7 8. Bd3
O-O 9. Qc2 Re8 10. O-O Nf8 11. h3 Be6 12. Rab1 Ne4 13. Bxe7 Rxe7 14. b4 Nxc3 15.
Qxc3 Rc7 16. Rfc1 Rcc8 17. Qc2 Qe7 18. Nd2 g6 19. Nb3 Nd7 20. a3 Rab8 21. Rb2
Nf6 22. Qc5 Qd8 23. Qc2 Ne8 24. Nc5 Qe7 25. f3 Ng7 26. Qf2 Bf5 27. Bf1 Re8 28.
Rb3 b6 29. Na6 Rbc8 30. Rbc3 Bd7 31. b5 cxb5 32. Nc7 Red8 33. Nxd5 Qd6 34. Nc7
b4 35. axb4 Qxb4 36. e4 Ne8 37. Nd5 Qd6 38. Qh4 Kg7 39. Bc4 Be6 40. e5 Qd7 41.
Nf6 Nxf6 42. exf6+ Kh8 43. d5 Bf5 44. Qh6 Rg8 45. Bb5 Qd8 46. Rxc8 Bxc8 47. Qg5
Bf5 48. Bc6 b5 49. Re1 Qb6+ 50. Kh2 Qd4 51. Re7 Rb8 52. Bd7 Qxd5 53. Bxf5 Qxf5
54. Qh6 Rg8 55. Rxf7 g5 56. Qg7+ 1-0